[Event "Arco op 44th"]
[Site "Arco"]
[Date "2022.10.14"]
[Round "7"]
[White "Sigillo, Carmelo"]
[Black "Macalello, Angelo"]
[Result "1/2-1/2"]
[WhiteElo "1749"]
[BlackElo "1586"]
[PlyCount "40"]
[EventDate "2022.10.08"]
[EventType "swiss"]
[EventRounds "9"]
[EventCountry "ITA"]
[SourceTitle "CBM 210 Extra"]
[Source "ChessBase"]
[SourceDate "2022.11.30"]
[SourceVersion "1"]
[SourceVersionDate "2022.11.30"]
[SourceQuality "1"]

1. e4 e5 2. Nf3 Nc6 3. Bb5 a6 4. Ba4 Nf6 5. 0-0 Be7 6. Re1 b5 7. Bb3 d6 8. c3 0-0 9. h3 Na5 10. Bc2 Nc4 11. b3 Nb6 12. d4 Nfd7 13. Nbd2 h6 14. Nf1 Re8 15. Ng3 Bf8 16. Ba3 a5 17. d5 Nf6 18. Bc1 Bd7 19. Qe2 c5 20. Bd2 Qc7 1/2-1/2

[Event "Arco op 37th"]
[Site "Arco"]
[Date "2015.10.17"]
[Round "8"]
[White "Reyna Hernandez, Sandor"]
[Black "Sigillo, Carmelo"]
[Result "1-0"]
[WhiteElo "1933"]
[BlackElo "1732"]
[PlyCount "67"]
[EventDate "2015.10.10"]
[EventType "swiss"]
[EventRounds "9"]
[EventCountry "ITA"]
[SourceTitle "CBM 168 Extra"]
[Source "ChessBase"]
[SourceDate "2015.10.29"]
[SourceVersion "1"]
[SourceVersionDate "2015.10.29"]
[SourceQuality "1"]

1. d4 Nf6 2. c4 c5 3. Nf3 cxd4 4. Qxd4 Nc6 5. Qd3 d5 6. cxd5 Qxd5 7. Qxd5 Nxd5 8. a3 Bg4 9. Nbd2 e5 10. e3 Rc8 11. Bc4 Nb6 12. Bb3 Bd6 13. Ne4 Bb8 14. Nfg5 Bh5 15. g4 Bg6 16. Nc3 Na5 17. Bd1 h6 18. Nge4 0-0 19. Ng3 Rfd8 20. Nf5 Bxf5 21. gxf5 Nd5 22. Ne4 Rc4 23. f3 Rdc8 24. Bd2 b6 25. b4 Nb7 26. Bb3 Nd6 27. Nxd6 Bxd6 28. Bxc4 Rxc4 29. Rc1 Rh4 30. Rc8+ Bf8 31. e4 Nf4 32. Bxf4 Rxf4 33. Ke2 Rh4 34. Rd1 1-0

[Event "Arco op 37th"]
[Site "Arco"]
[Date "2015.10.16"]
[Round "7"]
[White "Sigillo, Carmelo"]
[Black "Satter, Manfred"]
[Result "1-0"]
[WhiteElo "1732"]
[BlackElo "1837"]
[PlyCount "39"]
[EventDate "2015.10.10"]
[EventType "swiss"]
[EventRounds "9"]
[EventCountry "ITA"]
[SourceTitle "CBM 168 Extra"]
[Source "ChessBase"]
[SourceDate "2015.10.29"]
[SourceVersion "1"]
[SourceVersionDate "2015.10.29"]
[SourceQuality "1"]

1. e4 c5 2. Nf3 Nc6 3. Bb5 g6 4. 0-0 Bg7 5. Bxc6 bxc6 6. Re1 Nf6 7. e5 Nd5 8. c4 Nb6 9. d3 0-0 10. Nc3 d6 11. h3 d5 12. b3 e6 13. Ba3 Nd7 14. Qc1 f6 15. exf6 Qxf6 16. Bb2 Qf7 17. Na4 Bxb2 18. Qxb2 Rb8 19. Ng5 dxc4 20. Nxf7 1-0

[Event "Arco op 37th"]
[Site "Arco"]
[Date "2015.10.15"]
[Round "6"]
[White "Rocchetti, Marco"]
[Black "Sigillo, Carmelo"]
[Result "1/2-1/2"]
[WhiteElo "1836"]
[BlackElo "1732"]
[PlyCount "91"]
[EventDate "2015.10.10"]
[EventType "swiss"]
[EventRounds "9"]
[EventCountry "ITA"]
[SourceTitle "CBM 168 Extra"]
[Source "ChessBase"]
[SourceDate "2015.10.29"]
[SourceVersion "1"]
[SourceVersionDate "2015.10.29"]
[SourceQuality "1"]

1. d4 c5 2. d5 Nf6 3. c4 d6 4. Nc3 e6 5. e4 exd5 6. cxd5 g6 7. Bd3 Bg7 8. Nge2 0-0 9. 0-0 Re8 10. Bg5 h6 11. Bd2 Nbd7 12. f4 c4 13. Bc2 Nc5 14. Qb1 Bg4 15. Ng3 h5 16. Nh1 b5 17. a3 h4 18. Nf2 Qb6 19. Kh1 a5 20. Qe1 h3 21. Nxh3 Rad8 22. Nf2 b4 23. axb4 axb4 24. Na4 Nxa4 25. Bxa4 Bd7 26. Be3 Qb7 27. Bxd7 Rxd7 28. Ra7 Qb5 29. Rxd7 Qxd7 30. Qxb4 Nxd5 31. exd5 Rxe3 32. Qxc4 Bxb2 33. h3 Qe7 34. Nd1 Re2 35. Qc8+ Kh7 36. Nxb2 Rxb2 37. Qg4 Rd2 38. Qf3 Qb7 39. f5 Qxd5 40. fxg6+ fxg6 41. Qg3 Rd1 42. Qh4+ Kg7 43. Qf6+ Kh7 44. Qe7+ Kh6 45. Qf8+ Kh7 46. Qe7+ 1/2-1/2

[Event "Arco op 37th"]
[Site "Arco"]
[Date "2015.10.13"]
[Round "4"]
[White "Poletti, Fausto"]
[Black "Sigillo, Carmelo"]
[Result "1-0"]
[WhiteElo "1908"]
[BlackElo "1732"]
[PlyCount "87"]
[EventDate "2015.10.10"]
[EventType "swiss"]
[EventRounds "9"]
[EventCountry "ITA"]
[SourceTitle "CBM 168 Extra"]
[Source "ChessBase"]
[SourceDate "2015.10.29"]
[SourceVersion "1"]
[SourceVersionDate "2015.10.29"]
[SourceQuality "1"]

1. c4 Nf6 2. g3 c5 3. Bg2 Nc6 4. Nc3 g6 5. Nf3 Bg7 6. d4 cxd4 7. Nxd4 0-0 8. 0-0 Qb6 9. Nc2 Ng4 10. Bd2 d6 11. Rb1 Bf5 12. e4 Be6 13. b3 f5 14. Nd5 Qd8 15. Nce3 Nge5 16. Bc3 f4 17. Nxf4 Rxf4 18. gxf4 Nxc4 19. Bxg7 Nxe3 20. fxe3 Kxg7 21. Qd3 Qa5 22. Rf2 Rc8 23. Qd2 Qh5 24. Qe2 Qh4 25. Qf3 Nb4 26. Qg3 Qf6 27. f5 Bd7 28. fxg6 Qxg6 29. Qxg6+ hxg6 30. Rd1 Nc2 31. Rc1 Nxe3 32. Rxc8 Bxc8 33. Re2 Ng4 34. Rc2 Bd7 35. Rc7 Bc6 36. Rxe7+ Kf6 37. Rc7 Ne3 38. e5+ Kxe5 39. Bxc6 bxc6 40. Rxc6 d5 41. Kf2 d4 42. Rxg6 Ke4 43. Re6+ Kd3 44. Rxe3+ 1-0

[Event "Arco op 37th"]
[Site "Arco"]
[Date "2015.10.11"]
[Round "2"]
[White "Sigillo, Carmelo"]
[Black "Feiler, Juergen"]
[Result "0-1"]
[WhiteElo "1732"]
[BlackElo "2103"]
[PlyCount "86"]
[EventDate "2015.10.10"]
[EventType "swiss"]
[EventRounds "9"]
[EventCountry "ITA"]
[SourceTitle "CBM 168 Extra"]
[Source "ChessBase"]
[SourceDate "2015.10.29"]
[SourceVersion "1"]
[SourceVersionDate "2015.10.29"]
[SourceQuality "1"]

1. e4 c5 2. Nf3 e6 3. d3 d5 4. Nbd2 Nc6 5. g3 Bd6 6. Bg2 Nge7 7. 0-0 0-0 8. Re1 Qc7 9. c3 d4 10. Nc4 e5 11. h3 g6 12. cxd4 cxd4 13. Nxd6 Qxd6 14. Bd2 Be6 15. Qa4 a6 16. Rec1 Rfc8 17. g4 g5 18. Nh2 b5 19. Qd1 Nb4 20. Bxb4 Qxb4 21. Qe2 Ng6 22. b3 Nf4 23. Qd1 Rc3 24. Rxc3 Qxc3 25. Bf1 Rc8 26. Nf3 Qb2 27. Ne1 Kg7 28. Qb1 Qxb1 29. Rxb1 a5 30. Kh2 Rc3 31. Kg3 a4 32. bxa4 bxa4 33. Ra1 Ra3 34. Nc2 Rxa2 35. Rxa2 Bxa2 36. Na3 Kf8 37. f3 Ke7 38. Kf2 Kd6 39. Ke1 Kc5 40. Kd2 Kb4 41. Nc4 Bxc4 42. dxc4 a3 43. Kc2 d3+ 0-1

[Event "Arco op 36th"]
[Site "Arco"]
[Date "2014.10.08"]
[Round "5"]
[White "Gulinelli, Euro"]
[Black "Sigillo, Carmelo"]
[Result "0-1"]
[WhiteElo "1632"]
[BlackElo "1737"]
[PlyCount "100"]
[EventDate "2014.10.04"]
[EventType "swiss"]
[EventRounds "9"]
[EventCountry "ITA"]
[SourceTitle "EXT 2016"]
[Source "ChessBase"]
[SourceDate "2015.10.08"]
[SourceVersion "1"]
[SourceVersionDate "2015.10.08"]
[SourceQuality "1"]

1. e4 c5 2. Nf3 d6 3. d4 cxd4 4. Nxd4 Nf6 5. Nc3 a6 6. f4 e5 7. Nf3 Nbd7 8. a4 b6 9. Bc4 Qc7 10. Qe2 Be7 11. 0-0 0-0 12. Kh1 Bb7 13. fxe5 dxe5 14. Nd5 Bxd5 15. Bxd5 Rac8 16. c3 a5 17. Bg5 h6 18. Bh4 Nxd5 19. exd5 Bxh4 20. Nxh4 Qc4 21. Qxc4 Rxc4 22. Nf5 Rd8 23. Nd6 Rg4 24. Nxf7 Rf8 25. Nd6 Rxf1+ 26. Rxf1 Rxa4 27. c4 Ra2 28. Rb1 Kf8 29. Ne4 Ra4 30. b3 Rb4 31. Nd2 Nc5 32. Re1 Nxb3 33. Nxb3 Rxb3 34. h3 Ke7 35. Rxe5+ Kd7 36. Re6 a4 37. Rg6 a3 38. Rxg7+ Kd6 39. Ra7 Kc5 40. Kh2 Kxc4 41. d6 Kb4 42. d7 Rd3 43. Kg1 b5 44. Kf2 Kb3 45. Ke2 Rd5 46. Ke3 a2 47. Ke4 Rd1 48. Ke5 Kb2 49. Ke6 a1Q 50. Rxa1 Kxa1 0-1

[Event "Arco op 36th"]
[Site "Arco"]
[Date "2014.10.06"]
[Round "3"]
[White "Thonig, Manfred"]
[Black "Sigillo, Carmelo"]
[Result "1-0"]
[WhiteElo "1589"]
[BlackElo "1737"]
[PlyCount "57"]
[EventDate "2014.10.04"]
[EventType "swiss"]
[EventRounds "9"]
[EventCountry "ITA"]
[SourceTitle "EXT 2016"]
[Source "ChessBase"]
[SourceDate "2015.10.08"]
[SourceVersion "1"]
[SourceVersionDate "2015.10.08"]
[SourceQuality "1"]

1. f4 e5 2. fxe5 d6 3. exd6 Bxd6 4. Nf3 g5 5. g3 g4 6. Nh4 Ne7 7. d4 Ng6 8. Nxg6 hxg6 9. Qd3 Nc6 10. c3 Bf5 11. Qe3+ Qe7 12. Qxe7+ Nxe7 13. Bg2 0-0-0 14. e4 Bxg3+ 15. hxg3 Rxh1+ 16. Bxh1 Rh8 17. Bg2 Rh2 18. Kf1 Bd7 19. Kg1 Rh5 20. Na3 f5 21. Nc4 Bc6 22. d5 Bb5 23. b3 fxe4 24. d6 Nd5 25. dxc7 Kxc7 26. Ba3 Bxc4 27. bxc4 Nxc3 28. Re1 Re5 29. Bb2 1-0

[Event "Cortina d'Ampezzo op 2nd"]
[Site "Cortina d'Ampezzo"]
[Date "2013.09.12"]
[Round "4"]
[White "Sigillo, Carmelo"]
[Black "Cerusico, Carlo"]
[Result "1-0"]
[WhiteElo "1734"]
[BlackElo "1376"]
[PlyCount "45"]
[EventDate "2013.09.10"]
[EventType "swiss"]
[EventRounds "7"]
[EventCountry "ITA"]
[SourceTitle "CBM 156 Extra"]
[Source "ChessBase"]
[SourceDate "2013.10.22"]
[SourceVersion "1"]
[SourceVersionDate "2013.10.22"]
[SourceQuality "1"]

1. e4 e6 2. d3 b6 3. g3 Bb7 4. Bg2 e5 5. Nf3 d6 6. 0-0 Be7 7. Nc3 Nf6 8. Re1 0-0 9. d4 Nbd7 10. h3 c6 11. g4 exd4 12. Qxd4 c5 13. Qd1 Ne5 14. Bf4 Nfd7 15. Nd5 Bxd5 16. Qxd5 Nf6 17. Qb3 Qc7 18. Rad1 Rfd8 19. Qc3 Nfd7 20. Nd4 a6 21. Nf5 Bf8 22. g5 Ng6 23. Bxd6 1-0

[Event "Cortina d'Ampezzo op 2nd"]
[Site "Cortina d'Ampezzo"]
[Date "2013.09.11"]
[Round "3"]
[White "Zangrando, Gianpietro"]
[Black "Sigillo, Carmelo"]
[Result "1/2-1/2"]
[WhiteElo "1801"]
[BlackElo "1734"]
[PlyCount "66"]
[EventDate "2013.09.10"]
[EventType "swiss"]
[EventRounds "7"]
[EventCountry "ITA"]
[SourceTitle "CBM 156 Extra"]
[Source "ChessBase"]
[SourceDate "2013.10.22"]
[SourceVersion "1"]
[SourceVersionDate "2013.10.22"]
[SourceQuality "1"]

1. Nf3 Nf6 2. c4 c5 3. Nc3 d5 4. cxd5 Nxd5 5. g3 Nc6 6. Bg2 g6 7. d4 Bg7 8. e4 Nxc3 9. bxc3 cxd4 10. cxd4 Nxd4 11. Rb1 Qa5+ 12. Bd2 Nxf3+ 13. Bxf3 Qxa2 14. 0-0 0-0 15. Bb4 Qe6 16. Ba3 Rb8 17. Qa4 a6 18. Rfc1 Bd7 19. Qb4 Bc6 20. Qxe7 Qxe7 21. Bxe7 Rfe8 22. Bd6 Rbd8 23. Bf4 f5 24. Bg5 Rd7 25. Rd1 Rxd1+ 26. Rxd1 h6 27. Be3 Bxe4 28. Bxe4 Rxe4 29. Rd6 Kf7 30. Bc5 Re7 31. Rd8 Rc7 32. Bb6 Re7 33. Bc5 Rc7 1/2-1/2

[Event "Cortina d'Ampezzo op 2nd"]
[Site "Cortina d'Ampezzo"]
[Date "2013.09.10"]
[Round "1"]
[White "De Santis, Alessio"]
[Black "Sigillo, Carmelo"]
[Result "1-0"]
[WhiteElo "2295"]
[BlackElo "1734"]
[PlyCount "49"]
[EventDate "2013.09.10"]
[EventType "swiss"]
[EventRounds "7"]
[EventCountry "ITA"]
[SourceTitle "CBM 156 Extra"]
[Source "ChessBase"]
[SourceDate "2013.10.22"]
[SourceVersion "1"]
[SourceVersionDate "2013.10.22"]
[SourceQuality "1"]

1. d4 Nf6 2. c4 c5 3. d5 e6 4. Nc3 exd5 5. cxd5 d6 6. e4 g6 7. f3 Bg7 8. Bg5 0-0 9. Qd2 h6 10. Be3 Re8 11. h4 Kh7 12. Bd3 Nbd7 13. h5 Nxh5 14. g4 Ndf6 15. gxh5 Nxh5 16. Nge2 Qe7 17. 0-0-0 f5 18. Rdg1 Qf7 19. Nf4 Nxf4 20. Bxf4 Qf8 21. Rxh6+ Bxh6 22. Rh1 fxe4 23. Nxe4 Bf5 24. Bxh6 Qf7 25. Ng5+ 1-0

[Event "Cortina d'Ampezzo op 2nd"]
[Site "Cortina d'Ampezzo"]
[Date "2013.09.10"]
[Round "2"]
[White "Sigillo, Carmelo"]
[Black "De Val, Tarcisio"]
[Result "1-0"]
[WhiteElo "1734"]
[BlackElo "1589"]
[PlyCount "49"]
[EventDate "2013.09.10"]
[EventType "swiss"]
[EventRounds "7"]
[EventCountry "ITA"]
[SourceTitle "CBM 156 Extra"]
[Source "ChessBase"]
[SourceDate "2013.10.22"]
[SourceVersion "1"]
[SourceVersionDate "2013.10.22"]
[SourceQuality "1"]

1. e4 e5 2. Nf3 Nc6 3. Bb5 a6 4. Ba4 Nf6 5. 0-0 b5 6. Bb3 d6 7. h3 Na5 8. Re1 Nxb3 9. axb3 Be7 10. d4 Nd7 11. Nc3 Bb7 12. d5 0-0 13. b4 Nb6 14. Ne2 c6 15. dxc6 Bxc6 16. Ng3 Re8 17. Nf5 Bf8 18. Ra3 d5 19. exd5 Bxd5 20. Rd3 e4 21. Rde3 Bxb4 22. c3 Bc5 23. N3d4 g6 24. Rg3 Bxd4 25. Qxd4 1-0

[Event "Arco op 33rd"]
[Site "Arco"]
[Date "2011.10.28"]
[Round "7"]
[White "Sigillo, Carmelo"]
[Black "Trimarchi, Giuseppe"]
[Result "0-1"]
[WhiteElo "1773"]
[BlackElo "1923"]
[PlyCount "65"]
[EventDate "2011.10.22"]
[EventType "swiss"]
[EventRounds "9"]
[EventCountry "ITA"]
[SourceTitle "EXT 2012"]
[Source "ChessBase"]
[SourceDate "2011.11.24"]
[SourceVersion "1"]
[SourceVersionDate "2011.11.24"]
[SourceQuality "1"]

1. e4 e5 2. Nf3 Nc6 3. Bb5 a6 4. Ba4 Nf6 5. 0-0 Be7 6. Re1 b5 7. Bb3 d6 8. h3 Na5 9. c3 Nxb3 10. axb3 c5 11. d3 0-0 12. Nbd2 Qc7 13. Nf1 Re8 14. Bg5 Nd7 15. Ne3 Nb6 16. Bh4 f6 17. g4 Be6 18. Bg3 d5 19. Rc1 Red8 20. Qc2 dxe4 21. dxe4 c4 22. bxc4 bxc4 23. Nd4 Bf7 24. Rcd1 Qb7 25. Ndf5 Bf8 26. f4 g6 27. Nh4 exf4 28. Bxf4 g5 29. Bg3 gxh4 30. Bxh4 Qc6 31. Nf5 Rxd1 32. Rxd1 Bg6 33. Qf2 0-1

[Event "Arco op 33rd"]
[Site "Arco"]
[Date "2011.10.22"]
[Round "1"]
[White "Sigillo, Carmelo"]
[Black "Loi, Andrea"]
[Result "1/2-1/2"]
[WhiteElo "1773"]
[BlackElo "1993"]
[PlyCount "48"]
[EventDate "2011.10.22"]
[EventType "swiss"]
[EventRounds "9"]
[EventCountry "ITA"]
[SourceTitle "EXT 2012"]
[Source "ChessBase"]
[SourceDate "2011.11.24"]
[SourceVersion "1"]
[SourceVersionDate "2011.11.24"]
[SourceQuality "1"]

1. e4 d5 2. exd5 Qxd5 3. Nc3 Qa5 4. d4 Nf6 5. Bc4 Bg4 6. f3 Bh5 7. Bd2 Qb6 8. Nge2 e6 9. Be3 c6 10. Qd2 Nd5 11. Nxd5 cxd5 12. Bb3 Nd7 13. Nf4 Bg6 14. h4 a5 15. c3 a4 16. Bd1 a3 17. b3 f5 18. Qe2 Bf7 19. Bd2 Nf6 20. Bc2 g6 21. g4 fxg4 22. fxg4 0-0-0 23. 0-0 Bg7 24. Nd3 Rhf8 1/2-1/2

[Event "Arco op 32nd"]
[Site "Arco"]
[Date "2010.10.20"]
[Round "5"]
[White "Roversi, Stefano"]
[Black "Sigillo, Carmelo"]
[Result "1-0"]
[WhiteElo "1859"]
[BlackElo "1807"]
[PlyCount "63"]
[EventDate "2010.10.16"]
[EventType "swiss"]
[EventRounds "9"]
[EventCountry "ITA"]
[SourceTitle "EXT 2024"]
[Source "ChessBase"]
[SourceDate "2023.10.10"]
[SourceVersion "1"]
[SourceVersionDate "2023.10.10"]
[SourceQuality "1"]

1. e4 c5 2. Nf3 d6 3. d4 cxd4 4. Nxd4 Nf6 5. Nc3 a6 6. Be2 e5 7. Nb3 Be7 8. 0-0 Be6 9. f4 Qc7 10. Qe1 0-0 11. Qg3 Bc4 12. Bxc4 Qxc4 13. fxe5 dxe5 14. Qxe5 Nc6 15. Qf4 Bb4 16. Nd5 Nxe4 17. c3 Ne7 18. Nxe7+ Bxe7 19. Be3 Nf6 20. Rad1 Rad8 21. Bd4 Rd5 22. Qf3 Rfd8 23. Rfe1 Kf8 24. Re3 a5 25. Rde1 Re8 26. Bxf6 gxf6 27. Nd4 Rdd8 28. Qf4 Qc5 29. Qh6+ Kg8 30. Rh3 Qg5 31. Qxh7+ Kf8 32. Rg3 1-0

[Event "Arco op 32nd"]
[Site "Arco"]
[Date "2010.10.17"]
[Round "2"]
[White "Martinez, Guido"]
[Black "Sigillo, Carmelo"]
[Result "1-0"]
[WhiteElo "1915"]
[BlackElo "1807"]
[PlyCount "57"]
[EventDate "2010.10.16"]
[EventType "swiss"]
[EventRounds "9"]
[EventCountry "ITA"]
[SourceTitle "EXT 2024"]
[Source "ChessBase"]
[SourceDate "2023.10.10"]
[SourceVersion "1"]
[SourceVersionDate "2023.10.10"]
[SourceQuality "1"]

1. e4 e5 2. Nf3 Nc6 3. Bb5 a6 4. Ba4 f5 5. d3 Nf6 6. 0-0 fxe4 7. dxe4 d6 8. Re1 Bg4 9. a3 Be7 10. Nc3 0-0 11. Qd3 Bxf3 12. Qxf3 Nd5 13. Qd3 Nf4 14. Bxf4 exf4 15. f3 Kh8 16. Bxc6 bxc6 17. Qc4 Qe8 18. Rad1 Rb8 19. b4 Bh4 20. Re2 Bf6 21. Rd3 g5 22. Nd1 Rb5 23. Nf2 a5 24. bxa5 Rb1+ 25. Rd1 Rxd1+ 26. Nxd1 Qe5 27. c3 Rb8 28. Qf7 Rb1 29. Qf8# 1-0

[Event "Condino op"]
[Site "Condino"]
[Date "2009.07.28"]
[Round "2"]
[White "Sigillo, Carmelo"]
[Black "Carfagna, Alex"]
[Result "1-0"]
[WhiteElo "1803"]
[BlackElo "1560"]
[PlyCount "67"]
[EventDate "2009.07.27"]
[EventType "swiss"]
[EventRounds "7"]
[EventCountry "ITA"]
[SourceTitle "CBM 131 Extra"]
[Source "ChessBase"]
[SourceDate "2009.09.03"]
[SourceVersion "2"]
[SourceVersionDate "2009.09.16"]
[SourceQuality "1"]

1. e4 e5 2. Nf3 Nc6 3. Bb5 a6 4. Ba4 b5 5. Bb3 d6 6. 0-0 Be7 7. a4 Bg4 8. Bd5 Bd7 9. axb5 axb5 10. Rxa8 Qxa8 11. Qe2 Qb8 12. c3 Nf6 13. Bb3 0-0 14. d4 Bg4 15. d5 Na5 16. Bc2 Bxf3 17. Qxf3 c5 18. dxc6 Nxc6 19. Rd1 b4 20. Nd2 bxc3 21. bxc3 Rc8 22. Qd3 Na5 23. Ba3 Qc7 24. Bb4 Nc6 25. Bb3 Nxb4 26. cxb4 Qc3 27. Qxc3 Rxc3 28. f3 g6 29. Kf2 Bd8 30. Ra1 Bb6+ 31. Ke2 Re3+ 32. Kd1 Rd3 33. Kc2 Bd4 34. Ra8+ 1-0

[Event "Arco op 30th"]
[Site "Arco"]
[Date "2008.10.24"]
[Round "7"]
[White "Orlandi, Stefano"]
[Black "Sigillo, Carmelo"]
[Result "1-0"]
[WhiteElo "1965"]
[BlackElo "1751"]
[PlyCount "59"]
[EventDate "2008.10.18"]
[EventType "swiss"]
[EventRounds "9"]
[EventCountry "ITA"]
[SourceTitle "CBM 127 Extra"]
[Source "ChessBase"]
[SourceDate "2009.01.08"]
[SourceVersion "2"]
[SourceVersionDate "2009.01.28"]
[SourceQuality "1"]

1. e4 c5 2. Nf3 d6 3. d4 cxd4 4. Nxd4 Nf6 5. Nc3 a6 6. Be2 e5 7. Nb3 Be7 8. 0-0 Be6 9. f4 b5 10. Bf3 Qb6+ 11. Kh1 Nbd7 12. f5 Bc4 13. Re1 Nc5 14. Be3 Rd8 15. Nd2 d5 16. exd5 Qc7 17. Nxc4 bxc4 18. Bxc5 Bxc5 19. Qe2 Bd4 20. Rad1 0-0 21. Na4 Rfe8 22. c3 Ba7 23. Be4 Rd6 24. b3 cxb3 25. axb3 Qb7 26. b4 Qc7 27. c4 Bd4 28. c5 Rxd5 29. Bxd5 Nxd5 30. Rxd4 1-0

[Event "Arco op 30th"]
[Site "Arco"]
[Date "2008.10.23"]
[Round "6"]
[White "Sigillo, Carmelo"]
[Black "Pivovarov, Michail"]
[Result "1-0"]
[WhiteElo "1751"]
[BlackElo "1963"]
[PlyCount "51"]
[EventDate "2008.10.18"]
[EventType "swiss"]
[EventRounds "9"]
[EventCountry "ITA"]
[SourceTitle "CBM 127 Extra"]
[Source "ChessBase"]
[SourceDate "2009.01.08"]
[SourceVersion "2"]
[SourceVersionDate "2009.01.28"]
[SourceQuality "1"]

1. e4 c6 2. Nc3 d5 3. Nf3 d4 4. Ne2 c5 5. Ng3 Nc6 6. Bc4 e6 7. 0-0 Bd6 8. Qe2 a6 9. a4 Qc7 10. c3 Bxg3 11. hxg3 e5 12. Ng5 Nh6 13. d3 0-0 14. f4 Bg4 15. Qf2 Rad8 16. fxe5 Na5 17. Bd5 Qe7 18. cxd4 cxd4 19. Bf4 Be6 20. Qd2 b6 21. Nxe6 fxe6 22. Ba2 Ng4 23. Bg5 Qd7 24. Bxd8 Rxd8 25. Qg5 Ne3 26. Bxe6+ 1-0

[Event "Arco op 30th"]
[Site "Arco"]
[Date "2008.10.21"]
[Round "4"]
[White "Sigillo, Carmelo"]
[Black "Bertani, Gianfranco"]
[Result "0-1"]
[WhiteElo "1751"]
[BlackElo "2106"]
[PlyCount "112"]
[EventDate "2008.10.18"]
[EventType "swiss"]
[EventRounds "9"]
[EventCountry "ITA"]
[SourceTitle "CBM 127 Extra"]
[Source "ChessBase"]
[SourceDate "2009.01.08"]
[SourceVersion "2"]
[SourceVersionDate "2009.01.28"]
[SourceQuality "1"]

1. e4 c5 2. Nf3 Nc6 3. d3 g6 4. g3 Bg7 5. Bg2 d6 6. 0-0 e5 7. c3 Nge7 8. Nh4 0-0 9. f4 exf4 10. gxf4 Bf6 11. Qe1 Nf5 12. Nxf5 gxf5 13. Be3 Kh8 14. Kh1 Rg8 15. Nd2 Be6 16. Rg1 Qe7 17. Qe2 Rg7 18. Bf3 Rag8 19. Rxg7 Bxg7 20. exf5 Bxf5 21. Re1 Re8 22. Ne4 Bg6 23. Ng3 f5 24. Bf2 Qd7 25. Qd2 b6 26. Rxe8+ Qxe8 27. Qe3 Qxe3 28. Bxe3 Ne7 29. d4 Bf7 30. a3 Bh6 31. b4 cxb4 32. axb4 a5 33. d5 a4 34. Bc1 b5 35. c4 bxc4 36. b5 Bxd5 37. Bxd5 Nxd5 38. Nxf5 Bf8 39. Bb2+ Kg8 40. Ne3 Nb6 41. Bd4 Nd7 42. Nxc4 Kf7 43. b6 Ke6 44. Be3 d5 45. Ne5 a3 46. Bd4 a2 47. Nxd7 Kxd7 48. Kg2 Kc6 49. Kf1 Bc5 50. Bb2 Kxb6 51. Ke2 Bd6 52. Kf3 Kb5 53. h3 Kc4 54. Ke3 Bc5+ 55. Kd2 Bd4 56. Kc2 a1Q 0-1

[Event "Arco op 30th"]
[Site "Arco"]
[Date "2008.10.20"]
[Round "3"]
[White "Henrichsen, Jens"]
[Black "Sigillo, Carmelo"]
[Result "0-1"]
[WhiteElo "1987"]
[BlackElo "1751"]
[PlyCount "86"]
[EventDate "2008.10.18"]
[EventType "swiss"]
[EventRounds "9"]
[EventCountry "ITA"]
[SourceTitle "CBM 127 Extra"]
[Source "ChessBase"]
[SourceDate "2009.01.08"]
[SourceVersion "2"]
[SourceVersionDate "2009.01.28"]
[SourceQuality "1"]

1. d4 Nf6 2. c4 e5 3. dxe5 Ng4 4. Nf3 Bc5 5. e3 Nc6 6. Nc3 0-0 7. Be2 Ngxe5 8. Nxe5 Nxe5 9. 0-0 Re8 10. Kh1 a5 11. f4 Nc6 12. Nd5 Nb4 13. Rf3 Ra6 14. f5 Rd6 15. a3 Nxd5 16. cxd5 Qh4 17. Rf4 Qe7 18. e4 Qe5 19. Rg4 c6 20. Bf4 Qxb2 21. Bxd6 Bxd6 22. Rb1 Qxa3 23. Rb3 Qc5 24. dxc6 dxc6 25. Rd3 Bc7 26. Qa1 Be5 27. Qd1 Bc7 28. Qa1 Qe5 29. Qxe5 Bxe5 30. Ra3 b6 31. Rh4 Bf6 32. Rhh3 Bxf5 33. exf5 Rxe2 34. Rhe3 Rxe3 35. Rxe3 Kf8 36. g4 b5 37. Kg2 b4 38. Kf3 a4 39. Kf4 a3 40. g5 Bd4 41. Re4 c5 42. f6 gxf6 43. gxf6 a2 0-1